| 000 | 02066cam a22003855i 4500 | ||
|---|---|---|---|
| 999 |
_c27908 _d27879 |
||
| 001 | 016530539 | ||
| 003 | EG-ScBUE | ||
| 005 | 20191217102613.0 | ||
| 008 | 130905r20142010enk f b 001 0 eng d | ||
| 020 | _a9781472535443 (pbk.) | ||
| 040 |
_aStDuBDS _beng _erda _cStDuBDS _dUk _dEG-ScBUE |
||
| 041 | 1 |
_aeng _hmul |
|
| 082 | 0 | 4 |
_a809.9145 _bEUR _222 |
| 245 | 0 | 0 |
_aEuropean romanticism : _ba reader / _cgeneral editor Stephen Prickett ; editor Simon Haynes. |
| 250 | _aReprint edition. | ||
| 264 | 1 |
_aLondon ; _aNew York : _bBloomsbury Academic / Bloomsbury Publishing Plc., _c2014. |
|
| 300 |
_axxx, 1032 pages ; _c25 cm |
||
| 336 |
_atext _btxt _2rdacontent |
||
| 337 |
_aunmediated _bn _2rdamedia |
||
| 338 |
_avolume _bnc _2rdacarrier |
||
| 500 | _aFirst Published 2010 by Continuum international publishing group. | ||
| 504 | _aIncludes bibliographical references and index. | ||
| 520 | _aRomanticism was always culturally diverse. Though English-language anthologies have previously tended to see Romanticism as predominantly British, the term itself actually originated in Germany, where it became the banner of a Europe-wide movement involving the profound intellectual and aesthetic changes which we now associate with modernity. This anthology is the first to place British Romanticism within a comprehensive and multi-lingual European context, showing how ideas and writers interconnected across national and linguistic boundaries. By reprinting everything in the original languages, | ||
| 546 | _aText in English and multiple languages with English translation. | ||
| 586 | _aJean-Pierre Barricelli prize, 2010. | ||
| 650 | 7 |
_a Romanticism _z Europe. _2BUEsh |
|
| 650 | 7 |
_aAuthors, European _y18th century _vTranslations into English. _2BUEsh |
|
| 650 | 7 |
_aAuthors, European _y19th century _vTranslations into English. _2BUEsh |
|
| 650 | 7 |
_aEuropean prose literature. _2BUEsh |
|
| 653 |
_bHHUUEENN _cNovember2019 |
||
| 655 | _vReading book | ||
| 700 | 1 |
_aPrickett, Stephen, _eeditor. |
|
| 700 | 1 |
_aHaines, Simon, _d1955- _eeditor. |
|
| 942 |
_2ddc _cBB |
||